Longest Borders in Asia Quiz Stats

 Plays Quiz not verified by Sporcle

Challenge
Share
Tweet
Embed
Score 0/20 Timer 06:00
0 Plays Today
Countries % Correct
China-Russia
95.5%
Mongolia-Russia
93.2%
China-Mongolia
92.3%
India-Pakistan
90%
Kazakhstan-Russia
89.7%
China-India
81%
Afghanistan-Pakistan
79.4%
Iran-Iraq
78.5%
Bangladesh-India
74.6%
Laos-Vietnam
70.1%
Countries % Correct
Myanmar-Thailand
67.8%
Kazakhstan-Uzbekistan
64.6%
India-Nepal
63.7%
Laos-Thailand
57.2%
Saudi Arabia-Yemen
55.6%
Indonesia-Malaysia
53.4%
Turkmenistan-Uzbekistan
47.6%
China-Kazakhstan
44.1%
Myanmar-India
42.1%
China-Myanmar
41.2%

You're not logged in!

Compare scores with friends on all Sporcle quizzes.
OR
Log In

You Might Also Like...

Show Comments

Extras

Top Quizzes Today


Score Distribution

Your Account Isn't Verified!

In order to create a playlist on Sporcle, you need to verify the email address you used during registration. Go to your Sporcle Settings to finish the process.

Report this User

Report this user for behavior that violates our Community Guidelines.

Details: